| 000 | 03560cam a22002054a 4500 | ||
|---|---|---|---|
| 005 | 20250605164035.0 | ||
| 008 | 250528s ||||||||||||||||||||||||d | ||
| 035 | _a16776 | ||
| 040 |
_aGR-AtMCL _bgre _dGR-AtMCL _eAACR2 |
||
| 245 | 1 | _aΑρχές Οργάνωσης και Διοίκησης Επιχειρήσεων / Management | |
| 250 | _a1η | ||
| 260 |
_bInterbooks, _c1995 |
||
| 300 | _a312 | ||
| 505 | 0 | _aΠρόλογος, Έννοια και Χαρακτηριστικά των Οικονομικών Οργανισμών, Στοιχεία - Μέρη της Επιχείρησης, Στόχοι και Δομή της Επιχείρησης, Λειτουργίες στον Επιχειρησιακό Χώρο, Απόψεις για τη Σύγχρονη Επιχείρηση, Η Ενεργοποίηση των Επιχειρήσεων-Οργανισμών, Η Εξέλιξη της Επιστήμης της Οργάνωσης και Διοίκησης (Management), Η Λειτουργία του Προγραμματισμού και η Λήψη των Αποφάσεων, Η Λήψη των Αποφάσεων, Η Λειτουργία της Οργάνωσης, Έννοια και Σημασία της Οργάνωσης, Η Δομή της Οργάνωσης, Εφοδιασμός με Προσωπικό και Στελέχωση της Οργάνωσης, Η Λειτουργία της Διεύθυνσης και ο Ανθρώπινος Παράγοντας, Παρακίνηση και Ηγεσία, Η Ηγετική Συμπεριφορά, Η Επικοινωνία στους Οργανισμούς-Επιχειρήσεις, Η Λειτουργία του Ελέγχου, Έννοια και Είδη Συστημάτων Ελέγχου, Η Έκταση του Ελέγχου, Η Αναδιοργάνωση της Επιχείρησης, Η Ανάγκη για Αλλαγή, Περιεχόμενα. | |
| 520 | _aΠρόλογος, Έννοια και Χαρακτηριστικά των Οικονομικών Οργανισμών, Στοιχεία - Μέρη της Επιχείρησης, Στόχοι και Δομή της Επιχείρησης, Λειτουργίες στον Επιχειρησιακό Χώρο, Απόψεις για τη Σύγχρονη Επιχείρηση, Η Ενεργοποίηση των Επιχειρήσεων-Οργανισμών, Η Εξέλιξη της Επιστήμης της Οργάνωσης και Διοίκησης (Management), Η Λειτουργία του Προγραμματισμού και η Λήψη των Αποφάσεων, Η Λήψη των Αποφάσεων, Η Λειτουργία της Οργάνωσης, Έννοια και Σημασία της Οργάνωσης, Η Δομή της Οργάνωσης, Εφοδιασμός με Προσωπικό και Στελέχωση της Οργάνωσης, Η Λειτουργία της Διεύθυνσης και ο Ανθρώπινος Παράγοντας, Παρακίνηση και Ηγεσία, Η Ηγετική Συμπεριφορά, Η Επικοινωνία στους Οργανισμούς-Επιχειρήσεις, Η Λειτουργία του Ελέγχου, Έννοια και Είδη Συστημάτων Ελέγχου, Η Έκταση του Ελέγχου, Η Αναδιοργάνωση της Επιχείρησης, Η Ανάγκη για Αλλαγή, Περιεχόμενα. | ||
| 700 | 1 |
_aΧολέβας Γιάννης Κ _92535 |
|
| 942 | _cBK | ||
| 999 |
_c2241 _d2241 |
||